000 00742nam a22002175i 4500
001 53316
003 ES-MaACL
005 20230906162738.0
007 t|
008 950921s1878 sp ||||1| spa d
040 _aCAM
_bspa
_cCAM
100 0 _aErckmann-Chatrian.
_947367
245 1 3 _aLa guerra /
_cpor Erckmann-Chatrian.
260 _aMadrid :
_b[s.n.,
_c18--?] (
_fimprenta de la Biblioteca de Instrucción y Recreo)
300 _a196 p. ;
_c18 cm.
505 8 _aContiene además: Los papeles de la señora Juana; Los oradores de mi pueblo; Los buenos tiempos antiguos
740 4 _aLos papeles de la señora Juana.
740 4 _aLos oradores de mi pueblo.
740 4 _aLos buenos tiempos antiguos.
852 _aES-MaACL
_jD-3129
999 _c53316
_d53316